|
|
|
|
| LEADER |
00000nam a22000007a 4500 |
| 005 |
20110905105721.0 |
| 008 |
110905c2008 mx zr|||s|||| 00| b1spa d |
| 035 |
|
|
|a 5639
|
| 040 |
|
|
|a vLex
|
| 090 |
|
|
|c 2364
|d 2364
|
| 245 |
0 |
0 |
|a Themis
|h [Recurso electrn̤ico]
|
| 256 |
|
|
|a Servicio en ln̕ea.
|
| 260 |
|
|
|a [Mx̌ico] :
|b Universidad Autn̤oma de San Lus̕ Potos,̕
|c 2008 -
|
| 300 |
|
|
|a 1 recurso electrn̤ico
|
| 310 |
|
|
|a Dos veces al aǫ
|
| 362 |
|
|
|a Nm︢. 1 (2008) -
|
| 506 |
1 |
|
|a Contenido solo disponible en los productos indicados
|d vLex Global
|d vLex Global (Academic Edition, excluding Law Schools)
|d vLex Global (U.S. Academic Edition, Law Schools)
|d vLex Global (U.S. Academic Edition, excluding Law Schools)
|d vLex Global (Academic Edition, Law Schools)
|
| 650 |
0 |
4 |
|a Derecho
|z Mx̌ico
|
| 740 |
0 |
|
|a vLex Revistas (Servicio en ln̕ea)
|
| 856 |
4 |
0 |
|u http://vlex.com/source/revista-themis-5639
|z Acceso restringido
|
| 942 |
|
|
|c REV
|